Handheld calculator programs for engineering design /

Bibliographic Details
Main Author: Marter, Melvin L.
Format: Book
Language:English
Published: New York : McGraw-Hill, [1983]
Subjects:

MARC

Tag First Indicator Second Indicator Subfields
LEADER 00000pam a2200000 a 4500
001 in00000366014
005 20151011080909.0
008 820730s1983 nyua b 00110 eng
010 |a  82014890  
020 |a 0070406421 :  |c $31.95 
035 |a (OCoLC)08707926 
035 |9 ABP8738AM 
039 0 |a 2  |b 3  |c 3  |d 3  |e 3 
040 |a DLC  |c DLC  |d TXA  |d UtOrBLW 
049 |a TXAM  |c [934799] 
050 0 0 |a TA174  |b  M35 1983 
082 0 |a 620/.00425  |2 19 
100 1 |a Marter, Melvin L. 
245 1 0 |a Handheld calculator programs for engineering design /  |c [Melvin L. Marter]. 
264 1 |a New York :  |b McGraw-Hill,  |c [1983] 
264 4 |c ©1983 
300 |a viii, 431 pages :  |b illustrations ;  |c 24 cm. 
336 |a text  |b txt  |2 rdacontent 
337 |a unmediated  |b n  |2 rdamedia 
338 |a volume  |b nc  |2 rdacarrier 
504 |a Includes bibliographical references and index. 
650 0 |a Engineering design  |x Data processing. 
650 0 |a TI Programmable 59 (Calculator) 
650 0 |a Computer programs. 
999 |a MARS 
999 f f |s 30594aff-c72c-3f02-84b1-d7864e9996b3  |i b14619d9-37f2-3d00-a291-a6c14732dd4f  |t 0 
952 f f |p ric  |a Texas A&M University  |b Rellis Campus  |c Joint Library Facility  |d Remote Storage  |t 0  |e TA174 M35 1983  |h Library of Congress classification  |i unmediated -- volume  |m A14807436990 
998 f f |a TA174 M35 1983  |t 0  |l Remote Storage